LEADER 02254nam 2200601 450 001 9910787237503321 005 20230725060726.0 010 $a92-9092-201-X 035 $a(CKB)3710000000316599 035 $a(SSID)ssj0000746262 035 $a(PQKBManifestationID)11474099 035 $a(PQKBTitleCode)TC0000746262 035 $a(PQKBWorkID)10863302 035 $a(PQKB)10151507 035 $a(MiAaPQ)EBC3110924 035 $a(WaSeSS)Ind00044415 035 $a(Au-PeEL)EBL3110924 035 $a(CaPaEBR)ebr10906362 035 $a(CaONFJC)MIL784370 035 $a(OCoLC)922978313 035 $a(EXLCZ)993710000000316599 100 $a20140829h20102010 uy 0 101 0 $aeng 135 $aurcnu|||||||| 181 $ctxt 182 $cc 183 $acr 200 10$aPayments for ecological services and eco-compensation $epractices and innovations in the People's Republic of China : proceedings from the International Conference on Payments for Ecological Services, Ningxia Hui Autonomous Region, People's Republic of China, 6-7 September 2009 /$fedited by Qingfeng Zhang [and three others] 210 1$aMetro Manila, Philippines :$cAsian Development Bank,$d2010. 210 4$dİ2010 215 $a1 online resource (212 pages) $cillustrations, charts, tables 300 $aBibliographic Level Mode of Issuance: Monograph 311 $a92-9092-209-5 320 $aIncludes bibliographical references at the end of each chapters. 606 $aEnvironmental policy$zChina$vCongresses 606 $aPayments for ecosystem services$zChina$vCongresses 606 $aEcosystem management$xEconomic aspects$zChina 606 $aEnvironmental economics$vCongresses 615 0$aEnvironmental policy 615 0$aPayments for ecosystem services 615 0$aEcosystem management$xEconomic aspects 615 0$aEnvironmental economics 676 $a363.70951 702 $aZhang$b Qingfeng 712 02$aAsian Development Bank. 712 02$aNational Development and Reform Commission. 801 0$bMiAaPQ 801 1$bMiAaPQ 801 2$bMiAaPQ 906 $aBOOK 912 $a9910787237503321 996 $aPayments for ecological services and eco-compensation$93830852 997 $aUNINA LEADER 01589nam a2200337 i 4500 001 991000923339707536 005 20241206151813.0 008 970308s1972 ne a f ||1 | eng 020 $a0444411232 (v. 1-2) 035 $ab10148796-39ule_inst 035 $aLE00639198$9ExL 040 $aDip.to Fisica$beng$dSocioculturale Scs 082 04$a621.3815$223 084 $a53(082.2) 084 $a53.8.2 084 $a621.381 111 2 $aInternational conference on the physics of semiconductors$n<11. ;$d1972 ;$cVarsavia>$01777887 245 10$a11 International Conference on the physics of semiconductors :$bproceedings (Warszawa, Poland, July 25-29 1972) /$c[organized by] Polish Academy of Sciences, Institute of Physics, University of Warsaw 260 $aAmsterdam :$bElsevier ;$aWarsaw :$bPolish Scientific Publishers,$c1972 300 $a2 volumes :$bill. ;$c24 cm 505 00$aVol. 1. -$g782 p. 505 00$aVol. 2. -$g788-1513 p. 650 4$aSemiconductors$xCongresses 710 2 $aPolish Academy of Sciences. Institute of Physics$eauthor$4http://id.loc.gov/vocabulary/relators/aut$0733152 907 $a.b10148796$b17-02-17$c27-06-02 912 $a991000923339707536 945 $aLE006 53.8.2 POL$cV. 2$g1$i2006000057813$lle006$o-$pE0.00$q-$rl$s-$t0$u0$v0$w0$x0$y.i10177450$z27-06-02 945 $aLE006 53.8.2 POL$cV. 1$g1$i2006000057820$lle006$o-$pE0.00$q-$rl$s-$t0$u0$v0$w0$x0$y.i10177462$z27-06-02 996 $a11 International Conference on the physics of semiconductors$94300030 997 $aUNISALENTO 998 $ale006$b01-01-97$cm$da$e-$feng$gne$h3$i2